000 00338nam a2200145Ia 4500
008 200615s9999||||xx |||||||||||||| ||und||
020 _a9788120323766
082 _a650
_bDEC-M
100 _aMARAKAS,GEORGE M
245 0 _aDECISION SUPPORT SYSTEM
250 _a2ND
260 _aNew Delhi
_bPEARSON
_c2018
300 _a611
942 _cBK
999 _c26742
_d26742